000 00296nam a2200121 a 4500
008 101209s1988|||| d
245 1 0 _aKrása v nás a okolo nás
100 1 _aŠindelář, Dušan
260 _bMladé letá
_aBratislava
_c1988
020 _c50
044 _axo
_cSK
041 _aslo
999 _c14997
_d14997